| 000 | 00664nam a2200241Ia 4500 | ||
|---|---|---|---|
| 003 | OSt | ||
| 005 | 20220918182401.0 | ||
| 006 | a|||||r|||| 00| 0 | ||
| 007 | ta | ||
| 008 | 220917b |||||||| |||| 00| 0 eng d | ||
| 024 | _a32,229 | ||
| 037 | _cTextual | ||
| 040 |
_aARTS _cARTS _beng |
||
| 041 |
_2eng _aeng |
||
| 082 | _aO111,3L07,23:g, K1 | ||
| 100 | _aFielding Henry | ||
| 245 | 0 | _aJoseph Andrew and Shamela ed by Martin C Battestin | |
| 260 |
_aBoston _bHouhghton _c1961 |
||
| 300 |
_axliv, 370p. _ccm. |
||
| 650 | _aENGLISH LITERATURE | ||
| 942 |
_hO111,3L07,23:g, K1 _cTEXL _2CC |
||
| 999 |
_c168798 _d168798 |
||